| 000 | 00599cab a2200229 4500 | ||
|---|---|---|---|
| 001 | X204 | ||
| 008 | 090401t1992 xxu||||| |||| 00| 0 eng d | ||
| 035 | _a(Sirsi) u64381 | ||
| 041 | _aeng | ||
| 245 | _aHamble Parish Council v Haggard and another | ||
| 260 | _c1992 | ||
| 350 | _a0 | ||
| 490 |
_aAll England Law Reports _v(1992) 4 All ER 147-160(12) |
||
| 520 | _aChD 17 July 1991. | ||
| 650 | _aCHURCHYARDS | ||
| 650 | _aEASEMENTS | ||
| 650 | _aECCLESIASTICAL PROPERTY | ||
| 650 | _aRIGHTS OF WAY | ||
| 690 | _aHIGHWAYS AND RIGHTS OF WAY-CASE LAW | ||
| 942 | _n0 | ||
| 948 | _c04/03/1997 | ||
| 999 |
_c40095 _d40095 |
||